01609 a2200265 45000010006000000050017000060080041000230030015000640400040000790800073001192450019001920200022002112640108002333000019003415050241003609420007006015900036006081000044006447000019006888560108007079990015008159520161008309520204009919520148011952264120260407155517.0260407a2014 arg spa dAR-UNSa-BCEJYS aAR-UNSa-BCEJYSbspacAR-UNSa-BCEJYS a510xConsideraciones fundamentales y generales de las matemáticas 10aMatemática I a978-987-33-4298-1 1aSalta :bUniversidad Nacional de Salta. Facultad de Ciencias Económicas, Jurídicas y Socialesc2014 a231 p.c29 cm. a1. Lenguaje matemático - 2. Conjuntos numéricos - 3. Polinomios - 4. Ecuaciones e Inecuaciones - 5. Sumatoria y productoria - 6. Matrices - 7. Determinantes - 8. Sistemas de ecuaciones lineales - 9. Sistemas de inecuaciones lineales cBK aniveau_biblio:m niveau_hierar:01 aAstorga de Bárcena, Angélica Elvira1 aLisi, Mónica41uhttps://biblioeco.unsa.edu.ar/pmb/images/libros/Matematica I-l119576.jpgyImagen de portadaqimage/jpeg c1039d1039 00104070aBCEJYSbBCEJYSc16d2026-04-07l0o510 A858pL119578r2026-04-07 15:55:17w2026-04-07yLzCANTO RAYADO CON LÁPIZ - RESALTADOR VERDE Y AMARILLO 00104070aBCEJYSbBCEJYSc16d2026-04-07l0o510 A858pL119577r2026-04-07 15:55:17w2026-04-07yLzFLUOR VERDE - LAPICERA AZUL - PÁG 30 MANCHADA - LÁPIZ - HÚMEDO EN CANTO INFERIOR Y SUPERIOR 00104070aBCEJYSbBCEJYSc16d2026-04-07l0o510 A858pL119576r2026-04-07 15:55:17w2026-04-07yLzLAPICERA PÁG 22 Y 24 - PÁG 104 SUELTA